Queen's School of Business Undergraduate Program 1989-1990

Gespeichert in:
Bibliographische Detailangaben
Format: Buch
Sprache:Englisch
Veröffentlicht: Kingstom School of Business 1990
Ausgabe:1. ed.
Tags: Tag hinzufügen
Keine Tags, Fügen Sie das erste Tag hinzu!

MARC

LEADER 00000nam a2200000 4500
001 c039177
005 20221215114350.1
041 0 |a eng 
044 |a US 
245 1 0 |a Queen's  |b School of Business Undergraduate Program 1989-1990 
250 |a 1. ed. 
264 1 |a Kingstom  |b School of Business  |c 1990 
300 |a 61 s.